Curriculum leadership : readings for developing quality educational programs / (Record no. 858)
| 000 -LEADER | |
|---|---|
| fixed length control field | 00959cam a22002778a 4500 |
| 001 - CONTROL NUMBER | |
| control field | 15508113 |
| 003 - CONTROL NUMBER IDENTIFIER | |
| control field | OSt |
| 005 - DATE AND TIME OF LATEST TRANSACTION | |
| control field | 20140116120840.0 |
| 008 - FIXED-LENGTH DATA ELEMENTS--GENERAL INFORMATION | |
| fixed length control field | 081103s2010 mau b 001 0 eng |
| 020 ## - INTERNATIONAL STANDARD BOOK NUMBER | |
| International Standard Book Number | 9780138152482 |
| 050 00 - LIBRARY OF CONGRESS CALL NUMBER | |
| Classification number | LB2806.15.P37 2010 |
| 100 ## - MAIN ENTRY--PERSONAL NAME | |
| Personal name | Parkay, Forrest W. |
| 245 00 - TITLE STATEMENT | |
| Title | Curriculum leadership : readings for developing quality educational programs / |
| Statement of responsibility, etc | Forrest W. Parkay, Eric J. Anctil and Glen Hass. |
| 250 ## - EDITION STATEMENT | |
| Edition statement | 9th ed. |
| 260 ## - PUBLICATION, DISTRIBUTION, ETC. (IMPRINT) | |
| Place of publication, distribution, etc | Boston : |
| Name of publisher, distributor, etc | Pearson/Allyn and Bacon, |
| Date of publication, distribution, etc | 2010. |
| 300 ## - PHYSICAL DESCRIPTION | |
| Extent | ix, |
| 500 ## - GENERAL NOTE | |
| General note | Rev. ed. of: Curriculum planning : a contemporary approach. c2006. |
| 504 ## - BIBLIOGRAPHY, ETC. NOTE | |
| Bibliography, etc | Includes bibliographical references and index. |
| 650 #0 - SUBJECT ADDED ENTRY--TOPICAL TERM | |
| Topical term or geographic name as entry element | Curriculum planning |
| Geographic subdivision | United States. |
| 650 #0 - SUBJECT ADDED ENTRY--TOPICAL TERM | |
| Topical term or geographic name as entry element | Educational leadership |
| Geographic subdivision | United States. |
| 700 1# - ADDED ENTRY--PERSONAL NAME | |
| Personal name | Anctil, Eric J. |
| 700 1# - ADDED ENTRY--PERSONAL NAME | |
| Personal name | Hass, Glen. |
| 730 0# - ADDED ENTRY--UNIFORM TITLE | |
| Uniform title | Curriculum planning. |
| 942 ## - ADDED ENTRY ELEMENTS (KOHA) | |
| Source of classification or shelving scheme | |
| Koha item type | Book |
| Withdrawn status | Lost status | Source of classification or shelving scheme | Damaged status | Not for loan | Home library | Current library | Date acquired | Cost, normal purchase price | Total Checkouts | Full call number | Barcode | Date last seen | Copy number | Price effective from | Koha item type | Total Renewals | Date checked out |
|---|---|---|---|---|---|---|---|---|---|---|---|---|---|---|---|---|---|
| Riara University Library | Riara University Library | 24/01/2012 | 3500.00 | LB2806.15.P37 2010 | 3272/11 | 24/01/2012 | C.1 | 24/01/2012 | Book | ||||||||
| Riara University Library | Riara University Library | 24/01/2012 | 3500.00 | LB2806.15.P37 2010 | 3273/11 | 24/01/2012 | C.2 | 24/01/2012 | Book | ||||||||
| Riara University Library | Riara University Library | 24/01/2012 | 3500.00 | 7 | LB2806.15.P37 2010 | 3274/11 | 16/01/2017 | C.3 | 24/01/2012 | Book | 1 | 16/01/2017 |
